[Event "1st FIDE OWCCCC Pools-East 2021"]
[Site "Online"]
[Date "2021.02.20"]
[Round "6.8"]
[White "Kaushik, S."]
[Black "Tornare, Michel"]
[Result "1-0"]
[WhiteElo "2126"]
[BlackElo "1802"]
[Annotator "NA"]
[PlyCount "59"]
[EventDate "2021.02.19"]
[EventType "team-tourn"]
[EventCountry "NET"]
[SourceTitle "playchess.com"]
[Source "ChessBase"]
[SourceQuality "1"]

1. e4 d5 2. exd5 Qxd5 3. Nc3 Qd8 4. d4 Nf6 5. Nf3 Bg4 6. Bc4 e6 7. h3 Bxf3 8. Qxf3 c6 9. Be3 Bb4 10. O-O Nbd7 11. Ne4 Nxe4 12. Qxe4 Nf6 13. Qh4 Be7 14. Qg3 O-O 15. Bh6 Ne8 16. Be3 Nd6 17. Bd3 Bf6 18. Rad1 g6 19. Bh6 Re8 20. c4 Nf5 21. Bxf5 exf5 22. d5 cxd5 23. Rxd5 Qc8 24. b3 Re2 25. Rfd1 Qe6 26. Qd6 Qxd6 27. Rxd6 Rae8 28. Rxf6 Rxa2 29. Rfd6 Rb2 30. Rd8 1-0

[Event "1st FIDE OWCCCC Pools-East 2021"]
[Site "Online"]
[Date "2021.02.20"]
[Round "6.8"]
[White "Antonova, Svetlana"]
[Black "Sabitov, Rustam"]
[Result "0-1"]
[WhiteElo "1711"]
[BlackElo "2196"]
[Annotator "NA"]
[PlyCount "52"]
[EventDate "2021.02.19"]
[EventType "team-tourn"]
[EventCountry "NET"]
[SourceTitle "playchess.com"]
[Source "ChessBase"]
[SourceQuality "1"]

1. d4 Nf6 2. c4 g6 3. Nc3 Bg7 4. e4 d6 5. f3 O-O 6. Be3 c5 7. dxc5 dxc5 8. Qxd8 Rxd8 9. Bxc5 Nc6 10. a3 Nd7 11. Nge2 Nxc5 12. Rd1 Nd3+ 13. Kd2 Nxb2+ 14. Kc2 Nxd1 15. Nxd1 Be6 16. Nf4 Rac8 17. Ne3 Nd4+ 18. Kb1 Rd6 19. Ned5 Bxd5 20. Nxd5 Kf8 21. f4 e6 22. e5 Ra6 23. Nf6 Bxf6 24. exf6 Rxa3 25. Kb2 Rb3+ 26. Ka2 Rc5 0-1

[Event "1st FIDE OWCCCC Pools-East 2021"]
[Site "Online"]
[Date "2021.02.20"]
[Round "6.9"]
[White "Smirin, Ilia"]
[Black "Artemiev, Vladislav"]
[Result "0-1"]
[WhiteElo "2614"]
[BlackElo "2709"]
[Annotator "ChessBase"]
[PlyCount "90"]
[EventDate "2021.02.19"]
[EventType "team-tourn"]
[EventCountry "NET"]
[SourceTitle "playchess.com"]
[Source "ChessBase"]
[SourceQuality "1"]

1. e4 e5 2. Nf3 Nc6 3. Bb5 g6 4. c3 a6 5. Ba4 d6 6. d4 Bd7 7. O-O Bg7 8. Re1 Nf6 9. Bg5 h6 10. Bh4 O-O 11. Nbd2 Qe8 12. d5 Ne7 13. Bc2 Nh5 14. c4 Nf4 15. Bg3 Nh5 16. Bh4 a5 17. a3 a4 18. Rc1 b6 19. Nb1 Bf6 20. Bxf6 Nxf6 21. Nc3 Nh5 22. Nd2 f5 23. Nb5 Qc8 24. Bxa4 fxe4 25. Nxe4 Nf4 26. Bc2 Bh3 27. g3 Bg4 28. Qd2 Bf3 29. Bd3 Nh3+ 30. Kf1 Bxe4 31. Bxe4 Rxf2+ 32. Qxf2 Nxf2 33. Kxf2 Kg7 34. Kg1 Qd7 35. Rf1 Rf8 36. Rxf8 Kxf8 37. a4 h5 38. b4 h4 39. gxh4 Qg4+ 40. Bg2 Nf5 41. Rf1 Ke7 42. a5 bxa5 43. bxa5 Nxh4 44. Rf2 Nxg2 45. Rxg2 Qxc4 0-1

[Event "1st FIDE OWCCCC Pools-East 2021"]
[Site "Online"]
[Date "2021.02.20"]
[Round "6.9"]
[White "Kuklin, Valentin"]
[Black "Lanchava, Tea"]
[Result "0-1"]
[WhiteElo "2382"]
[BlackElo "2214"]
[Annotator "ChessBase"]
[PlyCount "204"]
[EventDate "2021.02.19"]
[EventType "team-tourn"]
[EventCountry "NET"]
[SourceTitle "playchess.com"]
[Source "ChessBase"]
[SourceQuality "1"]

1. e4 c6 2. Nc3 g6 3. Nf3 Bg7 4. d4 d6 5. g3 Nf6 6. Bg2 O-O 7. O-O a5 8. e5 Ne8 9. Bf4 d5 10. Qd2 Nc7 11. Bh6 Nd7 12. Bxg7 Kxg7 13. Rae1 e6 14. h4 b5 15. Kh2 c5 16. h5 b4 17. Nd1 cxd4 18. Nxd4 h6 19. hxg6 fxg6 20. f4 Nc5 21. Ne3 Rh8 22. Ng4 h5 23. Nf6 Ne8 24. Qe3 Nxf6 25. exf6+ Qxf6 26. Nc6 Na4 27. Nd4 Nxb2 28. Nxe6+ Bxe6 29. Qxe6 Qxe6 30. Rxe6 Rhe8 31. Bxd5 Rxe6 32. Bxe6 Rd8 33. f5 Kf6 34. Rf2 Nd1 35. Rf3 Rd2+ 36. Kg1 g5 37. Kf1 Nc3 38. Rf2 Rd1+ 39. Kg2 g4 40. Kh2 Ne4 41. Re2 Ng5 42. Kg2 Nf3 43. Kf2 Rh1 44. Ke3 Rg1 45. Bd5 Rxg3 46. Kf4 Nd4 47. Rd2 Nxf5 48. Be4 Rg1 49. Bxf5 Rf1+ 50. Kg3 Rxf5 51. Kh4 Ke5 52. Rd8 Kf4 53. c3 Rb5 54. cxb4 axb4 55. Rf8+ Ke3 56. Rd8 Kf3 57. Rf8+ Kg2 58. Rd8 Ra5 59. Rb8 Rxa2 60. Rxb4 Ra5 61. Rb3 Kf2 62. Rb2+ Ke3 63. Rb3+ Kd4 64. Rb4+ Kc3 65. Re4 Rd5 66. Ra4 Kd3 67. Ra3+ Ke4 68. Ra4+ Kd3 69. Ra3+ Kd4 70. Ra4+ Kc5 71. Ra5+ Kc6 72. Ra6+ Kb5 73. Re6 Rf5 74. Re1 Kc5 75. Ra1 Kd4 76. Ra4+ Ke3 77. Ra3+ Kf2 78. Ra2+ Kf3 79. Ra3+ Kg2 80. Rg3+ Kh2 81. Rh3+ Kg1 82. Rg3+ Kf2 83. Ra3 Re5 84. Ra2+ Re2 85. Ra3 Re3 86. Ra2+ Kf3 87. Kxh5 g3 88. Ra8 Kf2 89. Rf8+ Rf3 90. Ra8 g2 91. Ra2+ Kg1 92. Kg4 Rc3 93. Ra8 Rc2 94. Kg3 Rc3+ 95. Kg4 Re3 96. Kf4 Re2 97. Kf3 Rb2 98. Rc8 Rb3+ 99. Kf4 Kh2 100. Rh8+ Rh3 101. Rg8 g1=Q 102. Rxg1 Kxg1 0-1

[Event "1st FIDE OWCCCC Pools-East 2021"]
[Site "Online"]
[Date "2021.02.20"]
[Round "6.9"]
[White "Sodoma, Jan"]
[Black "Mosin, Dmitry K."]
[Result "1-0"]
[WhiteElo "2306"]
[BlackElo "1776"]
[Annotator "NA"]
[PlyCount "127"]
[EventDate "2021.02.19"]
[EventType "team-tourn"]
[EventCountry "NET"]
[SourceTitle "playchess.com"]
[Source "ChessBase"]
[SourceQuality "1"]

1. Nf3 Nf6 2. c4 c6 3. d4 d5 4. e3 Bf5 5. Nc3 e6 6. Nh4 Bg6 7. Be2 Bd6 8. Nxg6 hxg6 9. Qc2 Nbd7 10. Bd2 dxc4 11. Bxc4 Nd5 12. a3 N7b6 13. Be2 Nxc3 14. bxc3 Qe7 15. a4 c5 16. a5 Nd7 17. Bf3 Rb8 18. h3 O-O 19. O-O b5 20. axb6 axb6 21. Ra7 Qd8 22. e4 e5 23. Rd1 Ra8 24. Rxa8 Qxa8 25. Be3 cxd4 26. cxd4 Rc8 27. Qb2 Qa3 28. Qxa3 Bxa3 29. Bg4 Rc7 30. dxe5 Nxe5 31. Bf4 f6 32. Be6+ Kf8 33. Rd5 Ke7 34. Bg4 Rc4 35. Bxe5 fxe5 36. Rxe5+ Kf8 37. g3 Rc1+ 38. Kg2 Bc5 39. Be2 Rc2 40. Kf3 Rc3+ 41. Kg2 Rc2 42. Kf3 Rc3+ 43. Kg4 Rc2 44. Bb5 Rxf2 45. Re8+ Kf7 46. Rc8 Rb2 47. Bc4+ Ke7 48. Rc7+ Kf8 49. Rf7+ Kg8 50. Rd7+ Kh7 51. h4 b5 52. Bd5 b4 53. Rb7 Rd2 54. Rb8 Rd3 55. Rb7 Rd4 56. Bc6 Rd3 57. e5 Bd4 58. e6 Bf6 59. Kf4 Rd4+ 60. Ke3 Rd8 61. e7 Rg8 62. e8=Q Rxe8+ 63. Bxe8 b3 64. Rxb3 1-0

[Event "1st FIDE OWCCCC Pools-East 2021"]
[Site "Online"]
[Date "2021.02.20"]
[Round "6.9"]
[White "Baskarane, Taraswinee"]
[Black "Radzio"]
[Result "0-1"]
[WhiteElo "1447"]
[BlackElo "2657"]
[Annotator "TA"]
[PlyCount "74"]
[EventDate "2021.02.19"]
[EventType "team-tourn"]
[EventCountry "NET"]
[SourceTitle "playchess.com"]
[Source "ChessBase"]
[SourceQuality "1"]

1. e4 c6 2. d4 d5 3. exd5 cxd5 4. Nf3 Nc6 5. h3 Bf5 6. c3 e6 7. Bf4 Bd6 8. Bxd6 Qxd6 9. Bd3 Nge7 10. Bxf5 Nxf5 11. Nbd2 h6 12. O-O O-O 13. Re1 Nfe7 14. Nf1 Ng6 15. Ng3 b5 16. a3 a5 17. Qd2 b4 18. axb4 axb4 19. Nf1 Na5 20. Qe3 Nc4 21. Qe2 Nf4 22. Qc2 b3 23. Qxb3 Rab8 24. Qa4 Rxb2 25. Rab1 Nd3 26. Rxb2 Ncxb2 27. Qa1 Nxe1 28. Qxe1 Nc4 29. Ne3 Nxe3 30. Qxe3 Ra8 31. Ne5 Ra1+ 32. Kh2 f6 33. g3 fxe5 34. dxe5 Qf8 35. Qb6 Qf3 36. Qxe6+ Kh7 37. h4 Rh1# 0-1

[Event "1st FIDE OWCCCC Pools-East 2021"]
[Site "Online"]
[Date "2021.02.20"]
[Round "6.10"]
[White "Lautier, Joel"]
[Black "terrry"]
[Result "1-0"]
[WhiteElo "2658"]
[BlackElo "2490"]
[Annotator "TA"]
[PlyCount "55"]
[EventDate "2021.02.19"]
[EventType "team-tourn"]
[EventCountry "NET"]
[SourceTitle "playchess.com"]
[Source "ChessBase"]
[SourceQuality "1"]

1. d4 d5 2. c4 dxc4 3. e3 e6 4. Bxc4 c5 5. Nf3 Nf6 6. O-O Nc6 7. Qe2 Be7 8. dxc5 Bxc5 9. Rd1 Qc7 10. a3 a6 11. b4 Ba7 12. Bb2 O-O 13. Nbd2 b5 14. Bd3 Qe7 15. Ng5 e5 16. Nde4 Nxe4 17. Nxe4 Bf5 18. Rac1 Rac8 19. Nd6 Bxd3 20. Qxd3 Rc7 21. Qd5 Qd7 22. Ne4 Qxd5 23. Rxd5 Bb6 24. g4 f6 25. Rd6 Rfc8 26. Rcd1 h6 27. Ng3 Ne7 28. Rxb6 1-0

[Event "1st FIDE OWCCCC Pools-East 2021"]
[Site "Online"]
[Date "2021.02.20"]
[Round "6.10"]
[White "Todorovic, Bojan"]
[Black "Touzane, Olivier"]
[Result "1-0"]
[WhiteElo "2280"]
[BlackElo "2276"]
[Annotator "NA"]
[PlyCount "95"]
[EventDate "2021.02.19"]
[EventType "team-tourn"]
[EventCountry "NET"]
[SourceTitle "playchess.com"]
[Source "ChessBase"]
[SourceQuality "1"]

1. d4 d5 2. c4 e6 3. Nc3 c6 4. e3 f5 5. Qc2 Nf6 6. Bd3 Na6 7. a3 Nc7 8. Nge2 Bd6 9. Bd2 O-O 10. h3 Ne4 11. c5 Be7 12. O-O Bf6 13. f4 Bd7 14. b4 a6 15. a4 Kh8 16. b5 Rg8 17. bxa6 bxa6 18. Rab1 g5 19. fxg5 Bxg5 20. Nf4 Qf6 21. Rb7 Rac8 22. Be1 Be8 23. Bxe4 dxe4 24. Bg3 Rg7 25. Kh1 Bh4 26. Bh2 Bg3 27. Bxg3 Rxg3 28. Qf2 Rg7 29. Rfb1 Bg6 30. Rb8 Rgg8 31. Rxc8 Rxc8 32. Rb6 Be8 33. Qg3 Bd7 34. Nh5 Qf7 35. Qe5+ Kg8 36. Nf6+ Kf8 37. Nxd7+ Qxd7 38. Qh8+ Ke7 39. Qxh7+ Kd8 40. Qg8+ Ne8 41. Rxa6 Qe7 42. Qg3 Kd7 43. Ra7+ Nc7 44. a5 Qf6 45. Na4 f4 46. Nb6+ Kd8 47. Qg8+ Ne8 48. Rd7# 1-0

[Event "1st FIDE OWCCCC Pools-East 2021"]
[Site "Online"]
[Date "2021.02.20"]
[Round "6.10"]
[White "Faron, Rafal"]
[Black "Justplayin"]
[Result "1-0"]
[WhiteElo "2168"]
[BlackElo "1904"]
[Annotator "NA"]
[PlyCount "169"]
[EventDate "2021.02.19"]
[EventType "team-tourn"]
[EventCountry "NET"]
[SourceTitle "playchess.com"]
[Source "ChessBase"]
[SourceQuality "1"]

1. c4 e5 2. g3 Nf6 3. Bg2 d5 4. cxd5 Nxd5 5. Nc3 Nb6 6. Nf3 Nc6 7. O-O Be7 8. Rb1 Be6 9. b4 a6 10. a3 f5 11. d3 Bf6 12. Bb2 O-O 13. Na4 Nxa4 14. Qxa4 Bd5 15. Rfd1 Nd4 16. Nxd4 exd4 17. Bxd5+ Qxd5 18. Rbc1 c6 19. Qc2 Rfe8 20. Rd2 Rad8 21. Qc4 g6 22. Qxd5+ Rxd5 23. Rc4 Kf7 24. Rdc2 Re6 25. Kf1 Ke7 26. Rc5 Red6 27. Rxd5 Rxd5 28. Rc4 Ke6 29. Kg2 g5 30. h3 h5 31. Kf3 Be5 32. Rc1 g4+ 33. hxg4 fxg4+ 34. Kg2 Bf6 35. Rh1 Rf5 36. Re1 Kd5 37. Rc1 b6 38. Rf1 c5 39. bxc5 bxc5 40. Rb1 Kc6 41. Bc1 Be5 42. Bd2 Bc7 43. a4 Re5 44. Kf1 Rf5 45. Kg2 Re5 46. e4 dxe3 47. Bxe3 Rd5 48. Rc1 Bb6 49. d4 Kd6 50. Rb1 Kc6 51. a5 Ba7 52. dxc5 Bxc5 53. Bxc5 Kxc5 54. Rb6 Rd6 55. Rb8 Rd5 56. Rb6 Rd6 57. Rb8 Kc4 58. Rb6 Kd5 59. Rb8 Kc6 60. Rb6+ Kc7 61. Rb2 Rd5 62. Ra2 Kc6 63. f4 gxf3+ 64. Kxf3 Rd4 65. Rb2 Kc5 66. Rb6 Ra4 67. Rxa6 Kb5 68. Rh6 Kxa5 69. Rxh5+ Kb6 70. Rd5 Kc6 71. Rd1 Kc5 72. g4 Ra3+ 73. Kf4 Ra8 74. g5 Rg8 75. Kf5 Kc6 76. Kf6 Kc7 77. g6 Rf8+ 78. Ke7 Rf2 79. Rc1+ Kb6 80. g7 Re2+ 81. Kf7 Rf2+ 82. Kg8 Rg2 83. Rf1 Kc7 84. Kf8 Kd7 85. g8=Q 1-0

[Event "1st FIDE OWCCCC Pools-East 2021"]
[Site "Online"]
[Date "2021.02.20"]
[Round "6.10"]
[White "Boyko, Igor K."]
[Black "Gutmakher, Olga"]
[Result "0-1"]
[WhiteElo "1977"]
[BlackElo "2236"]
[Annotator "NA"]
[PlyCount "70"]
[EventDate "2021.02.19"]
[EventType "team-tourn"]
[EventCountry "NET"]
[SourceTitle "playchess.com"]
[Source "ChessBase"]
[SourceQuality "1"]

1. d4 d5 2. c4 dxc4 3. Nf3 Nf6 4. e3 e6 5. Bxc4 c5 6. O-O a6 7. Qe2 Nc6 8. Rd1 Qc7 9. Nc3 b5 10. Bd3 Bb7 11. a3 c4 12. Bc2 Na5 13. e4 Be7 14. Bg5 h6 15. Bxf6 Bxf6 16. e5 Be7 17. d5 Qd7 18. d6 Bd8 19. Ne4 Bb6 20. Nd4 Nc6 21. Nxc6 Bxc6 22. Kh1 Rd8 23. Qg4 Kf8 24. Rac1 Qb7 25. Bb1 h5 26. Qf4 h4 27. h3 Rh5 28. Rf1 Bd4 29. Nf6 Bxg2+ 30. Kg1 Bxf1 31. Rxf1 Rxe5 32. Qxh4 Rxd6 33. Qh8+ Ke7 34. Ng4 Rg5 35. Qh4 f6 0-1

[Event "1st FIDE OWCCCC Pools-East 2021"]
[Site "Online"]
[Date "2021.02.20"]
[Round "6.10"]
[White "vmaric"]
[Black "VesnaMisanovic"]
[Result "0-1"]
[WhiteElo "1939"]
[BlackElo "2193"]
[Annotator "NA"]
[PlyCount "120"]
[EventDate "2021.02.19"]
[EventType "team-tourn"]
[EventCountry "NET"]
[SourceTitle "playchess.com"]
[Source "ChessBase"]
[SourceQuality "1"]

1. e4 e5 2. Nf3 Nc6 3. Bc4 Nf6 4. d3 h6 5. Nbd2 d6 6. O-O Be7 7. c3 O-O 8. h3 Be6 9. Bxe6 fxe6 10. Qb3 Qc8 11. d4 exd4 12. cxd4 Kh8 13. Nh4 Kh7 14. Qd3 e5 15. Ndf3 Nd7 16. Nf5 Bf6 17. Qd2 Nxd4 18. N3xd4 exd4 19. Nxd4 Nc5 20. f3 Qe8 21. Rb1 Qe5 22. Nf5 Rad8 23. b4 Ne6 24. Bb2 Qf4 25. Qd5 Bxb2 26. Rxb2 Rf6 27. Rc2 c6 28. Qd2 g6 29. Qxf4 Nxf4 30. Nd4 Rd7 31. Rd1 a6 32. Kh2 Re7 33. g3 Ne6 34. Nxe6 Rexe6 35. Kg2 g5 36. Rcd2 Kg6 37. Rd3 Kf7 38. a3 Ke7 39. a4 Re5 40. Rb3 Kd7 41. Rbd3 Kc7 42. Kf2 Rxe4 43. Rd4 Rxd4 44. Rxd4 c5 45. bxc5 dxc5 46. Rc4 Kc6 47. Ke3 b5 48. axb5+ axb5 49. Re4 b4 50. Kd3 Rxf3+ 51. Kc2 Rxg3 52. Re6+ Kb5 53. Rxh6 c4 54. Rf6 Rg2+ 55. Kb1 b3 56. Rf5+ Kb4 57. Re5 c3 58. Re4+ Ka3 59. Re1 c2+ 60. Ka1 b2# 0-1

[Event "1st FIDE OWCCCC Pools-East 2021"]
[Site "Online"]
[Date "2021.02.20"]
[Round "6.11"]
[White "Bluvshtein, Mark"]
[Black "Liefrink, Feike"]
[Result "1/2-1/2"]
[WhiteElo "2590"]
[BlackElo "1891"]
[Annotator "ChessBase"]
[PlyCount "97"]
[EventDate "2021.02.19"]
[EventType "team-tourn"]
[EventCountry "NET"]
[SourceTitle "playchess.com"]
[Source "ChessBase"]
[SourceQuality "1"]

1. d4 d5 2. c4 dxc4 3. e3 e5 4. Bxc4 exd4 5. exd4 Nf6 6. Nf3 Be7 7. O-O O-O 8. Nc3 c6 9. h3 Nbd7 10. Ne5 Nb6 11. Bb3 Nbd5 12. Bg5 Nxc3 13. bxc3 Nd5 14. Bd2 Bd6 15. Re1 Qc7 16. Qf3 Nf6 17. Bg5 Be7 18. Bf4 Bd6 19. c4 c5 20. d5 Nd7 21. Nd3 Bxf4 22. Qxf4 Qxf4 23. Nxf4 Nf6 24. Re7 Bd7 25. Nd3 b6 26. Ne5 Rfe8 27. Rxe8+ Rxe8 28. Nxd7 Nxd7 29. Ba4 Rd8 30. Re1 Kf8 31. Kf1 g6 32. f4 Nf6 33. Kf2 Ng8 34. Re3 Ne7 35. Ra3 Nf5 36. Bc6 a5 37. Rb3 Rb8 38. Rc3 Nd4 39. Ba4 Ke7 40. g4 Kd6 41. Re3 Rb7 42. Re8 Re7 43. Rb8 Re2+ 44. Kg3 Rxa2 45. Be8 Ra3+ 46. Kg2 Ra2+ 47. Kg3 Ne2+ 48. Kf3 Nd4+ 49. Kg3 1/2-1/2

[Event "1st FIDE OWCCCC Pools-East 2021"]
[Site "Online"]
[Date "2021.02.20"]
[Round "6.11"]
[White "Kolar, Pavel"]
[Black "Yuzhakov, Oleg"]
[Result "0-1"]
[WhiteElo "2156"]
[BlackElo "2321"]
[Annotator "NA"]
[PlyCount "66"]
[EventDate "2021.02.19"]
[EventType "team-tourn"]
[EventCountry "NET"]
[SourceTitle "playchess.com"]
[Source "ChessBase"]
[SourceQuality "1"]

1. e4 e6 2. d4 d5 3. Nc3 Nf6 4. e5 Nfd7 5. f4 c5 6. Nf3 Nc6 7. Bb5 Qb6 8. Bxc6 bxc6 9. Ne2 Ba6 10. c3 cxd4 11. Nfxd4 c5 12. Nf3 Be7 13. O-O O-O 14. Kh1 f6 15. Rb1 Qb5 16. Re1 Qd3 17. Bd2 fxe5 18. Nxe5 Nxe5 19. fxe5 Rf2 20. Nf4 Qxd2 21. Qxd2 Rxd2 22. Nxe6 Rb8 23. Nc7 Bd3 24. Rbd1 Rbxb2 25. Rxd2 Rxd2 26. Nxd5 Kf7 27. h3 Bc4 28. Nc7 Bd8 29. Re4 Bxc7 30. Rxc4 Bxe5 31. Kg1 Bg3 32. Kf1 Rf2+ 33. Kg1 Re2 0-1

[Event "1st FIDE OWCCCC Pools-East 2021"]
[Site "Online"]
[Date "2021.02.20"]
[Round "6.11"]
[White "Krause, Max"]
[Black "Mitic, Milan"]
[Result "0-1"]
[WhiteElo "1954"]
[BlackElo "1993"]
[Annotator "NA"]
[PlyCount "92"]
[EventDate "2021.02.19"]
[EventType "team-tourn"]
[EventCountry "NET"]
[SourceTitle "playchess.com"]
[Source "ChessBase"]
[SourceQuality "1"]

1. Nf3 Nf6 2. d4 e6 3. c4 d5 4. Nc3 Bb4 5. Qc2 O-O 6. Bg5 h6 7. Bh4 c5 8. e3 Nc6 9. Rd1 cxd4 10. exd4 g5 11. Bg3 Ne4 12. Bd3 g4 13. Bxe4 dxe4 14. Bh4 Qa5 15. Ng1 f5 16. Nge2 Be7 17. Bxe7 Nxe7 18. h3 gxh3 19. Rxh3 Rf6 20. Kd2 Nc6 21. a3 b6 22. Kc1 Ba6 23. Qd2 Kh7 24. Rdh1 f4 25. Nxe4 Qxd2+ 26. Nxd2 Rd8 27. Rd3 e5 28. d5 Rg6 29. Rdh3 Ne7 30. Nc3 Rc8 31. b3 b5 32. cxb5 Bxb5 33. Kb2 Bd7 34. Rh5 Nf5 35. Nde4 Kg7 36. R1h2 a6 37. a4 Rb8 38. Ka3 Nd4 39. Nc5 Bf5 40. f3 Rgb6 41. a5 Rxb3+ 42. Nxb3 Rxb3+ 43. Ka2 Rxc3 44. Rxh6 Rc2+ 45. Ka1 Nb3+ 46. Kb1 Rxg2# 0-1

[Event "1st FIDE OWCCCC Pools-East 2021"]
[Site "Online"]
[Date "2021.02.20"]
[Round "6.11"]
[White "Kandasamy, Balakrishnan"]
[Black "GMaster"]
[Result "0-1"]
[WhiteElo "1873"]
[BlackElo "2303"]
[Annotator "NA"]
[PlyCount "64"]
[EventDate "2021.02.19"]
[EventType "team-tourn"]
[EventCountry "NET"]
[SourceTitle "playchess.com"]
[Source "ChessBase"]
[SourceQuality "1"]

1. e4 e6 2. d4 d5 3. exd5 exd5 4. c4 Nf6 5. Nc3 dxc4 6. Bxc4 Bd6 7. Nge2 O-O 8. O-O Nc6 9. f3 h6 10. a3 Bf5 11. Be3 Qd7 12. Qd2 Ne7 13. Rad1 Bg6 14. Nf4 Bxf4 15. Bxf4 c6 16. Rfe1 Rfe8 17. Be5 Ned5 18. Ne4 Nxe4 19. fxe4 Nb6 20. Ba2 Kh7 21. Bg3 Rxe4 22. Rxe4 Bxe4 23. Qf4 Bg6 24. Rf1 Nd5 25. Bxd5 Qxd5 26. Qe5 Qb3 27. Rf2 Rd8 28. h3 Qd1+ 29. Rf1 Qxd4+ 30. Qxd4 Rxd4 31. Rf2 a5 32. Re2 Rd7 0-1

[Event "1st FIDE OWCCCC Pools-East 2021"]
[Site "Online"]
[Date "2021.02.20"]
[Round "6.11"]
[White "Slav, Moshe"]
[Black "Artemieva, Elena"]
[Result "1-0"]
[WhiteElo "1807"]
[BlackElo "1478"]
[Annotator "NA"]
[PlyCount "71"]
[EventDate "2021.02.19"]
[EventType "team-tourn"]
[EventCountry "NET"]
[SourceTitle "playchess.com"]
[Source "ChessBase"]
[SourceQuality "1"]

1. e4 c6 2. d4 d5 3. Nc3 dxe4 4. Nxe4 Nf6 5. Ng3 Bg4 6. Be2 Bxe2 7. N1xe2 e6 8. O-O Be7 9. c3 O-O 10. Nf4 Nbd7 11. Qc2 Nb6 12. Re1 Nbd5 13. Nd3 Nd7 14. Nh5 c5 15. Nhf4 Nxf4 16. Bxf4 cxd4 17. cxd4 Rc8 18. Qd2 Nf6 19. Be5 Bd6 20. Rac1 Bxe5 21. dxe5 Nd5 22. Nf4 Nxf4 23. Qe3 Nxg2 24. Kxg2 Qd5+ 25. Kg1 Qxa2 26. Ra1 Qxb2 27. Rxa7 Ra8 28. Rea1 Rxa7 29. Rxa7 Rd8 30. Qf3 Qxe5 31. Rxb7 Rf8 32. h4 Qd4 33. h5 Qh4 34. Kg2 Rd8 35. Qxf7+ Kh8 36. Qxg7# 1-0

[Event "1st FIDE OWCCCC Pools-East 2021"]
[Site "Online"]
[Date "2021.02.20"]
[Round "6.12"]
[White "Dekker, Derk"]
[Black "Einwiller, Bernd"]
[Result "0-1"]
[WhiteElo "1907"]
[BlackElo "2160"]
[Annotator "NA"]
[PlyCount "56"]
[EventDate "2021.02.19"]
[EventType "team-tourn"]
[EventCountry "NET"]
[SourceTitle "playchess.com"]
[Source "ChessBase"]
[SourceQuality "1"]

1. d4 Nf6 2. c4 c5 3. d5 b5 4. cxb5 a6 5. Nc3 axb5 6. e4 b4 7. Nb5 d6 8. Bc4 Nbd7 9. Nf3 Nb6 10. Bd3 c4 11. Bb1 Ba6 12. Nbd4 g6 13. O-O Bg7 14. Re1 O-O 15. Nc6 Qc7 16. Nxb4 Nfd7 17. Nc6 Nc5 18. e5 dxe5 19. Nfxe5 Rad8 20. Nxd8 Rxd8 21. Bf4 Nxd5 22. Qf3 Nxf4 23. Qxf4 Bxe5 24. Qh4 Bf6 25. Qg4 Bxb2 26. Bc2 Bxa1 27. Rxa1 Qe5 28. Rb1 Rd2 0-1

[Event "1st FIDE OWCCCC Pools-East 2021"]
[Site "Online"]
[Date "2021.02.20"]
[Round "6.12"]
[White "Walkusz, Malgorzata"]
[Black "Naveen, Kumar A."]
[Result "0-1"]
[WhiteElo "1905"]
[BlackElo "2035"]
[Annotator "NA"]
[PlyCount "62"]
[EventDate "2021.02.19"]
[EventType "team-tourn"]
[EventCountry "NET"]
[SourceTitle "playchess.com"]
[Source "ChessBase"]
[SourceQuality "1"]

1. e4 c5 2. Nf3 Nc6 3. Bb5 a6 4. Bxc6 bxc6 5. O-O e6 6. Re1 d5 7. exd5 cxd5 8. d4 h6 9. Nc3 Nf6 10. Qe2 Bd6 11. b3 O-O 12. Bb2 Re8 13. Rad1 Bb7 14. Na4 Qc7 15. h3 Rac8 16. Nxc5 Bxc5 17. dxc5 Qxc5 18. Bxf6 gxf6 19. Nd4 Kh7 20. Qh5 Qf8 21. Re3 f5 22. c3 Qg7 23. Nf3 Rg8 24. Nh4 f4 25. Re5 Rxc3 26. Rd2 Rxh3 27. f3 Rxh4 28. Qxh4 Qxe5 29. Kf2 Qe3+ 30. Kf1 Qxd2 31. Qxf4 Qxf4 0-1

[Event "1st FIDE OWCCCC Pools-East 2021"]
[Site "Online"]
[Date "2021.02.20"]
[Round "6.12"]
[White "Nikolic, Jelena"]
[Black "Faura llavari, Marc"]
[Result "0-1"]
[WhiteElo "1696"]
[BlackElo "1666"]
[Annotator "NA"]
[PlyCount "38"]
[EventDate "2021.02.19"]
[EventType "team-tourn"]
[EventCountry "NET"]
[SourceTitle "playchess.com"]
[Source "ChessBase"]
[SourceQuality "1"]

1. e4 Nc6 2. Nf3 Nf6 3. Nc3 e5 4. Bc4 Nxe4 5. Nxe4 d5 6. Bb5 dxe4 7. Nxe5 Qg5 8. Bxc6+ bxc6 9. Nxc6 Qxg2 10. Rf1 Ba6 11. d3 exd3 12. cxd3 Qxc6 13. Qe2+ Be7 14. f3 O-O-O 15. Kd2 Bxd3 16. Qxe7 Qc2+ 17. Ke1 Rhe8 18. Qxe8 Rxe8+ 19. Be3 Rxe3# 0-1

[Event "1st FIDE OWCCCC Pools-East 2021"]
[Site "Online"]
[Date "2021.02.20"]
[Round "6.12"]
[White "Gumerova, Aisily"]
[Black "Vevera, Radek"]
[Result "0-1"]
[WhiteElo "1333"]
[BlackElo "2062"]
[Annotator "NA"]
[PlyCount "108"]
[EventDate "2021.02.19"]
[EventType "team-tourn"]
[EventCountry "NET"]
[SourceTitle "playchess.com"]
[Source "ChessBase"]
[SourceQuality "1"]

1. e4 c6 2. Bc4 d5 3. exd5 cxd5 4. Bb3 Nc6 5. a3 Nf6 6. h3 Bf5 7. d3 e6 8. Bg5 Be7 9. Nf3 h6 10. Bh4 O-O 11. O-O Rc8 12. Bxf6 Bxf6 13. d4 Na5 14. Nbd2 Nxb3 15. cxb3 Rc2 16. Ra2 Qc7 17. Qe2 Rc8 18. Qe3 b5 19. a4 b4 20. Ne1 Rc1 21. Nd3 Rxf1+ 22. Nxf1 Bxd3 23. Qxd3 Qc2 24. Qa6 Bxd4 25. Kh2 Bxf2 26. Ra1 Rc6 27. Qb5 Rc5 28. Qe8+ Kh7 29. Qxf7 Qxb2 30. Rd1 Qf6 31. Qh5 Rc2 32. Qg4 Qe5+ 33. Kh1 d4 34. Nh2 Qe2 35. Qxe2 Rxe2 36. Nf3 e5 37. g4 Bg3 38. Nd2 e4 39. Nc4 d3 40. Kg1 Re1+ 41. Rxe1 Bxe1 42. Kf1 Bc3 43. Kf2 Bd4+ 44. Ke1 e3 45. Kd1 e2+ 46. Kd2 Bc3+ 47. Kxd3 e1=Q 48. Nd6 Qd2+ 49. Kc4 Qxd6 50. Kb5 Qb6+ 51. Kc4 a6 52. Kd3 Qd4+ 53. Kc2 Qd2+ 54. Kb1 Qb2# 0-1

[Event "1st FIDE OWCCCC Pools-East 2021"]
[Site "Online"]
[Date "2021.02.20"]
[Round "6.12"]
[White "Nikolaeva, Daria S."]
[Black "Ginzburg, Igor"]
[Result "0-1"]
[WhiteElo "1199"]
[BlackElo "2020"]
[Annotator "NA"]
[PlyCount "76"]
[EventDate "2021.02.19"]
[EventType "team-tourn"]
[EventCountry "NET"]
[SourceTitle "playchess.com"]
[Source "ChessBase"]
[SourceQuality "1"]

1. d4 d5 2. c4 e6 3. Nc3 Nf6 4. Bg5 c6 5. e3 Bb4 6. a3 Bxc3+ 7. bxc3 Qa5 8. Qc2 Ne4 9. Bh4 Qxc3+ 10. Qxc3 Nxc3 11. cxd5 exd5 12. Bd3 O-O 13. Nf3 Nd7 14. O-O Re8 15. a4 Ne4 16. Bxe4 dxe4 17. Nd2 f5 18. Bg3 Nf6 19. Nc4 b6 20. Ne5 Bb7 21. Rfc1 Rac8 22. a5 b5 23. a6 Ba8 24. Ra2 Nd5 25. Rb2 g5 26. h4 f4 27. exf4 gxf4 28. Bh2 c5 29. Rxb5 cxd4 30. Rxc8 Rxc8 31. g4 d3 32. Nd7 d2 33. Rb8 d1=Q+ 34. Kg2 Rxb8 35. Nxb8 Qf3+ 36. Kf1 e3 37. Bg1 Nc3 38. Nd7 Qe2# 0-1